Notre patrie, hymne du Luxembourg, paroles en français, intégral - Statistiques

Statistiques générales
  • Ce quiz a été pris 3 fois
  • Le résultat moyen est 11 sur 34
Statistiques - réponses
Indices Phrases % Correct
nation C'est ça notre {pays} pour lequel
100%
organe des sentiments Notre patrie, que nous portons si profondément dans nos {cœurs}.
100%
sol À cette {terre}, qui nous porta.
67%
réponse en montagne L'amour porte un fidèle {écho},
67%
pâtures Là où l'Alzette traverse les {prés},
67%
jus de la vigne le ciel nous fait du {vin}.
67%
couvre-chef de roi Les bois sombres formant {couronne},
67%
pierres Où à travers les {rochers}, la Sûre se creuse son chemin.
67%
opposée à la guerre Sauvegardés par la {paix} en silence,
67%
réjoui Son peuple {heureux}, pourra se dire,
67%
aimablement Souriant {gentiment}.
67%
courageux en chacun de nos cœurs {vaillants}.
33%
songes et ce ne sont pas des {rêves} vides :
33%
ensemble des nations guide les nations à travers le {monde}.
33%
..., Egalité, Fraternité le soleil de la {liberté}, que nous voyons depuis si longtemps!
33%
organe de la vue L'{œil} vaillamment brillant comme le feu.
33%
âme offert l'{esprit} libre.
33%
Grand duché Oh toi, préserve le pays du {Luxembourg},
33%
munie de doigts Ô Toi, là-haut, toi, dont la {main},
33%
Je, ..., il {Tu} nous a déjà, lorsque nous étions enfants,
33%
1er couplet 1er chanté
0%
4e couplet 2e chanté
0%
retenti Chaque mot qui en {résonne},
0%
voûte céleste Continue à laisser briller au {firmament}
0%
gorges Des chants, chants, à travers monts et {vallées},
0%
rétorsions des {représailles} et peines venues de l'étranger
0%
battre ici bas nous serions prêts à tout {vaincre}.
0%
2e couplet (inusité de nos jours)
0%
3e couplet (inusité de nos jours)
0%
ceps Les {vignes} aux abords de la Moselle, nous offrent leur parfum,
0%
cheminée Nous ne manquons de rien ici, dans notre {foyer} douillet.
0%
astres nous touche profondément l'âme, comme une mer d'{étoiles}.
0%
beau Pour notre pays aucun refrain ne sera trop {ravissant}.
0%
luxe sans {faste} ni splendeur coûteuse,
0%
Aucun quiz correspondant
Distribution des résultats
% des personnes avec chaque résultat
Percentile par nombre de réponses
Votre historique - résultats
Vous n’avez pas pris ce quiz